Going Green : (Record no. 58090)

MARC details
000 -LEADER
fixed length control field 00936nam a22002177a 4500
005 - DATE AND TIME OF LATEST TRANSACTION
control field 20111104103854.0
010 ## - LCCN (DPL NO)
LC control number B-444611
020 ## - INTERNATIONAL STANDARD BOOK NUMBER
International Standard Book Number 9788179914922
Terms of availability 100.00
035 ## - SYSTEM CONTROL NUMBER
System control number B-444611
037 ## - SOURCE OF ACQUISITION
Source of stock number/acquisition Blue Berry
Stock number DPL
082 ## - DEWEY DECIMAL CLASSIFICATION NUMBER
Classification number 363.7282
100 ## - MAIN ENTRY--PERSONAL NAME
Personal name Kamath, Anjali
245 ## - TITLE STATEMENT
Title Going Green :
Statement of responsibility, etc by Anjali Kamath
Remainder of title Reuse, Reduce and Recycle ?
260 ## - PUBLICATION, DISTRIBUTION, ETC. (IMPRINT)
Name of publisher, distributor, etc Popular Prakashan
Date of publication, distribution, etc 2009
Place of publication, distribution, etc Mumbai
270 ## - ADDRESS
Address 301 Mahalaxmi Chambers 22, Bhulabhai Desai Road
City Mumbai
Postal code 400026
300 ## - PHYSICAL DESCRIPTION
Extent 48p.
Dimensions 25cm (pbk)
Other physical details ill.
490 ## - SERIES STATEMENT
Series statement Endangered Planet, Brainworks: A Kangaroo kids initiative
-- 37472
942 ## - ADDED ENTRY ELEMENTS (KOHA)
Item type Children Books
Source of classification or shelving scheme Dewey Decimal Classification
Call number suffix KAM
Classification part 363.7282
Holdings
Withdrawn status Lost status Not for loan Collection code Home library Current library Date acquired Source of acquisition Cost, normal purchase price Full call number Barcode Copy number Cost, replacement price Koha item type
      Non-fiction Central Library Central Library 22/12/2011 Blue Berry/7042/29.9.11/83/21.03.11/12.10.11 100.00 363.7282 KAM B-444611 1 100.00 Children Books

© Delhi Public Library
Hit Counter
free hit counter